Encyclopédie Entomologique
Uloženo v:
| Médium: | Kniha |
|---|---|
| Jazyk: | francouzština |
| Vydáno: |
París
Paul Lechevalier
1926
|
| Edice: | Serie B III
|
| Témata: | |
| Tagy: |
Přidat tag
Žádné tagy, Buďte první, kdo vytvoří štítek k tomuto záznamu!
|
MARC
| LEADER | 00000nam a2200000 a 4500 | ||
|---|---|---|---|
| 001 | UCG5796 | ||
| 003 | CL-VaPUC | ||
| 008 | 110317e19260000FR |||||||||||||||||fre|d | ||
| 082 | 0 | 4 | |a 595.78 |b ENC |2 21 |
| 245 | 1 | 0 | |a Encyclopédie Entomologique |
| 300 | |a t | ||
| 942 | |c BK | ||
| 945 | |d 20110317 00:00:00 |a jcampos | ||
| 260 | |a París |b Paul Lechevalier |c 1926 | ||
| 500 | |a t.2-t.3: Lepidoptera | ||
| 650 | 7 | |a LEPIDOPTERA |2 CL-VaPUC |9 444205 | |
| 650 | 0 | |a Insectos |9 264174 | |
| 583 | |a last modification |c 20110317 00:00:00 |k Rodrigo Vera | ||
| 490 | 0 | |a Serie B III | |
| 999 | |c 344172 |d 344170 | ||
| 952 | |0 0 |1 0 |4 0 |6 595_780000000000000_ENC_1926 |7 0 |8 X |9 441998 |a FDOBUD |b FDOBUD |d 2019-11-22 |h t.2 |i 474909K |o 595.78 ENC 1926 |p 474909K |r 2019-11-22 |w 2019-11-22 |y BK_X |k BUD | ||
| 952 | |0 0 |1 0 |4 0 |6 595_780000000000000_ENC_1926 |7 0 |8 X |9 441999 |a FDOBUD |b FDOBUD |d 2019-11-22 |h t.3 |i 4749103 |o 595.78 ENC 1926 |p 4749103 |r 2019-11-22 |w 2019-11-22 |y BK_X |k BUD | ||